Statistics for Страны по Десертам

Click here to take the quiz!

General Stats

  • This quiz has been taken 226 times
  • The average score is 19 of 30

Answer Stats

Answer% Correct
Украина
98%
Россия
97%
Япония
94%
Франция
93%
Италия
88%
Турция
86%
Германия
81%
Бельгия
81%
Соединëнные Штаты
73%
Испания
71%
Казахстан
69%
Бразилия
63%
Польша
63%
Великобритания
63%
Южная Корея
61%
Индия
59%
Австрия
56%
Азербайджан
56%
Канада
54%
Иран
51%
Греция
50%
Чехия
50%
Португалия
48%
Австралия
45%
Египет
42%
Румыния
42%
Литва
38%
Болгария
36%
Таиланд
32%
Южно-Африканская Республика
23%

Score Distribution

Percentile by Number Answered

Percent of People with Each Score

Your Score History

You have not taken this quiz